Exploring biodiversity indicators and targets under the convention on biological diversity : (Registro nro. 716)
[ vista simple ]
| 000 -CABECERA | |
|---|---|
| Campo de control | 01582cam a22002774a 4500 |
| 005 - FECHA Y HORA DE LA ULTIMA TRANSACCION | |
| Campo de control | 20171017101254.0 |
| 008 - ELEMENTOS DE LONGITUD FIJA—INFORMACION GENERAL | |
| Campo de control | 981208s1998 sz a b 100 0 eng d |
| 020 ## - ISBN | |
| ISBN | 2831704529 |
| 040 ## - FUENTE DE CATALOGACIÓN | |
| Agencia catalogadora original | DLC |
| Agencia transcriptora | DLC |
| Agencia Modificadora | DLC |
| -- | CO-BoIAVH |
| 041 0# - IDIOMA | |
| Código de idioma para texto/pista de sonido o título separado | Inglés |
| 044 ## - PAÍS DE PUBLICACIÓN | |
| País de publicación | Suiza |
| 082 00 - NUMERO DE CLASIFICACION DECIMAL DEWEY | |
| Número de clasificación | 333.9516 |
| Número del ítem | G56e |
| 111 2# - ASIENTO PRINCIPAL--NOMBRE DE REUNION | |
| Nombre de reunión o de jurisdicción como elemento de entrada | Global Biodiversity Forum |
| Número de la parte/sección/reunión | (6th : |
| Fecha de la reunión | 1997 : |
| Lugar de la reunión | U.N. Headquarters, New York) |
| 9 (RLIN) | 86282 |
| 245 10 - MENCION DE TITULO | |
| Título | Exploring biodiversity indicators and targets under the convention on biological diversity : |
| Parte restante del título | a synthesis report of the sixth session of the Global Biodiversity Forum : U.N. Headquarters, New York, 3-4 April 1997 : part A / |
| Mención de responsabilidad | editado por Sheldon Cohen, Stanley W. Burgiel |
| 246 31 - FORMA VARIANTE DEL TITULO | |
| Título propiamente dicho/forma breve del título | Exploración de los indicadores y metas de biodiversidad en el marco del la convención sobre diversidad biológica |
| 246 14 - FORMA VARIANTE DEL TITULO | |
| Título propiamente dicho/forma breve del título | Report of the sixth Global Biodiversity Forum, 1997 |
| 260 ## - PUBLICACION, DISTRIBUCION, ETC. (PIE DE IMPRENTA) | |
| Lugar de publicación, distribución, etc. | Washington, D.C (EE.UU.) : |
| Nombre del editor, distribuidor, etc. | Biodiversity Action Network ; |
| Lugar de publicación, distribución, etc. | Gland (Suiza) : |
| Nombre del editor, distribuidor, etc. | IUCN, |
| Fecha de publicación, distribución, etc. | c1998. |
| 300 ## - DESCRIPCION FISICA | |
| Extensión | ix, 77 páginas ; |
| Dimensiones | 28 x 22 cm. |
| 500 ## - NOTA GENERAL | |
| Nota general | "Exploración de los indicadores y metas de biodiversidad en el marco de la convención sobre diversidad biológica: informe resumido de una sesión del Foro Mundial de Biodiversidad, 3-4 abril 1997, part B." |
| 504 ## - NOTA DE BIBLIOGRAFIA, ETC. | |
| Nota de bibliografía | Incluye referencias bibliográficas. |
| 650 26 - ASIENTO SECUNDARIO DE MATERIA - TERMINO TEMATICO | |
| Término temático o nombre geográfico como elemento de entrada | Conservación de la diversidad biológica |
| Subdivisión de forma | Congresos, conferencias, etc. |
| 9 (RLIN) | 86283 |
| 650 26 - ASIENTO SECUNDARIO DE MATERIA - TERMINO TEMATICO | |
| Término temático o nombre geográfico como elemento de entrada | Indicadores biológicos |
| Subdivisión de forma | Congresos, conferencias, etc. |
| 9 (RLIN) | 86284 |
| 700 1# - ASIENTO SECUNDARIO - NOMBRE PERSONAL | |
| Nombre personal | Cohen, Sheldon |
| Término de relación | editor |
| 9 (RLIN) | 72915 |
| 700 1# - ASIENTO SECUNDARIO - NOMBRE PERSONAL | |
| Nombre personal | Burgiel, Stanley W. |
| Término de relación | editor |
| 9 (RLIN) | 86285 |
| 942 ## - ELEMENTOS ADICIONALES (KOHA) | |
| Sistema de clasificación | Dewey Decimal Classification |
| Tipo de ítem | Libro |
| Withdrawn status | Lost status | Sistema de Clasificación | Damaged status | No para préstamo | Colección | Inventariado | Ubicación Permanente | Ubicación actual | Fecha de adquisición | Fuente de Valor | Valor | Total Checkouts | Número topográfico | Inventario / Código de Barras | Date last seen | Ejemplar | Price effective from | Forma de adquisición | Tipo de material |
|---|---|---|---|---|---|---|---|---|---|---|---|---|---|---|---|---|---|---|---|
| Dewey Decimal Classification | General | Inventariado 2017 | Sala Fabio Quevedo | Sala Fabio Quevedo | 07/09/1998 | Instituto | 39000.00 | LB-333.9516 G56e | 001112 | 04/12/2012 | Ej. 1 | 04/12/2012 | Donación | Libro |